| 000 | 01398 a2200193 4500 | ||
|---|---|---|---|
| 003 | Nust | ||
| 005 | 20230203085833.0 | ||
| 010 | _a39000049 | ||
| 040 | _cNust | ||
| 082 | _a946.46,FIS | ||
| 100 |
_aFisher, Frederic William, Sir, _9108570 |
||
| 245 |
_aNaval reminiscences _bof Admiral Sir Frederic William Fisher, K.C.V.O. ("Uncle Bill") / _cSir Frederic William Fisher |
||
| 260 |
_aLondon, _bF. Muller ltd. _c1938 |
||
| 300 |
_a296 p _bfront. _cplates. _eports _f23 cm |
||
| 505 | _aOld Ceylon (Page-13), Farewell Ceylon (Page-27), Looking For A Gale (Page-37), Mistaking A Horse For A Snipe (Page-51), Rounding The Horn In A Railway Carriage (Page-61), Off The West Indies (Page-73), Around On The Dreaded Ketteridge Rocks (Page-83), On The Way To The East Indies (Page-93), In The Gulf Of Oman (Page-105), Turtles, Whales And Sacred Alligators (Page-117), Back To Bombay (Page-129), The Loss Of The Atlanta And A Brother (Page-139), Patagonia And The Palkland Island (Page-151), The Wilds Of Bahia Blanca (Page-163), Stuck On A Sandbank Near The Mouth Of The River Amazon (Page-185), Kaiser Wilhelm Visit The British Fleet (Page-199), A Rescue (Page-213), The South Sea Island (Page-233), Back To England Via Hong Kong (Page-253), A Mystery Story And Its Sequel (Page-267). | ||
| 600 |
_aFisher, Frederic William, Sir, _9108570 |
||
| 650 |
_aWorld War-I _960131 |
||
| 942 |
_2ddc _cBK _k946.46,FIS |
||
| 999 |
_c187246 _d187246 |
||